Pokemon Arenaleiter und Top 4 - 8. Gen. - Statistiken

Allgemein
  • Dieses Quiz wurde 45 mal gespielt
  • Das Durchschnittsergebnis liegt bei 22 aus 26
Antwortstatistiken
Hint Answers % Korrekt
Typ Feuer
100%
Typ Wasser
100%
Typ Drache
97%
Typ Fee
97%
Typ Gestein/Eis
97%
Typ Kampf/Geist
97%
Typ Pflanze
97%
Typ Unlicht
94%
Name Roy
91%
Name Nezz/Mary
89%
Name Delion
86%
Name Kate
86%
Name Mac/Mel
86%
Name Papella/Betys
86%
Name Kabu
83%
Name Saida/Nio
83%
Name Yarro
83%
Orden Wasserorden
77%
Orden Drachenorden
77%
Orden Feuerorden
77%
Orden Gesteinsorden/Eisorden
77%
Orden Kampforden/Geisterorden
77%
Orden Pflanzenorden
77%
Orden Unlichtorden
77%
Orden Feenorden
74%
Typ kein best.
51%
Keine übereinstimmenden Quizze gefunden
Verteilung der Resultate
Anzahl Personen mit jedem Resultat
Perzentil nach korrekt beantworteten Fragen
Ihre Resultats-Entwicklung
Sie haben dieses Quiz noch nicht gespielt